000
00275nam a2200121Ia 4500
008
241002s9999 xx 000 0 und d
082
_a
241.04254918 MAY
100
_a
Mayne, Peter
245
0
_a
Saints of Sind
260
_a
London:
_c
1956
600
_a
Religion
942
_c
UC
999
_c
18618
_d
18618